[Event "Arvier Amatori op 1st"]
[Site "Arvier"]
[Date "2011.01.09"]
[Round "7"]
[White "Piazza, Giacomo"]
[Black "Gaglianese, Marco"]
[Result "1-0"]
[WhiteElo "1658"]
[BlackElo "1697"]
[PlyCount "47"]
[EventDate "2011.01.03"]
[EventType "swiss"]
[EventRounds "7"]
[EventCountry "ITA"]
[SourceTitle "EXT 2012"]
[Source "ChessBase"]
[SourceDate "2011.11.24"]
[SourceVersion "1"]
[SourceVersionDate "2011.11.24"]
[SourceQuality "1"]

1. Nf3 d5 2. e3 Bf5 3. c4 e6 4. cxd5 exd5 5. Qb3 Nf6 6. Qxb7 Nbd7 7. Qb3 Bd6 8. Qa4 0-0 9. d3 Nc5 10. Qd1 Re8 11. Be2 Qd7 12. 0-0 Qb5 13. Nd4 Qd7 14. b4 Ne6 15. Nxf5 Ng5 16. Nxd6 Qxd6 17. e4 Ngxe4 18. dxe4 Qe5 19. Qb3 Nxe4 20. Bb2 d4 21. Bf3 Re7 22. Bxe4 Qxe4 23. Nd2 Qf4 24. Qf3 1-0

[Event "Arvier Amatori op 1st"]
[Site "Arvier"]
[Date "2011.01.08"]
[Round "6"]
[White "Gaglianese, Marco"]
[Black "Fragni, Enrico"]
[Result "1-0"]
[WhiteElo "1697"]
[BlackElo "1753"]
[PlyCount "69"]
[EventDate "2011.01.03"]
[EventType "swiss"]
[EventRounds "7"]
[EventCountry "ITA"]
[SourceTitle "EXT 2012"]
[Source "ChessBase"]
[SourceDate "2011.11.24"]
[SourceVersion "1"]
[SourceVersionDate "2011.11.24"]
[SourceQuality "1"]

1. d4 g6 2. e4 d6 3. Bf4 Bg7 4. Nc3 c6 5. Qd2 Nd7 6. Nf3 e5 7. dxe5 dxe5 8. Bg5 f6 9. Be3 Qc7 10. 0-0-0 Bf8 11. g3 Bb4 12. a3 Bc5 13. Nh4 Bxe3 14. Qxe3 Nb6 15. f4 Bd7 16. fxe5 Qxe5 17. Nf3 Qc7 18. e5 0-0-0 19. e6 Be8 20. Bh3 Kb8 21. Rxd8+ Qxd8 22. Rd1 Qc7 23. Qd4 Qe7 24. Ne5 Nh6 25. Nd7+ Kc8 26. Nxb6+ axb6 27. Ne4 Nf5 28. Bxf5 gxf5 29. Nd6+ Kb8 30. Qf4 Ka8 31. Nxf5 Qc5 32. Rd8+ Ka7 33. Qb8+ Ka6 34. Qa8+ Kb5 35. Nd6+ 1-0

[Event "Arvier Amatori op 1st"]
[Site "Arvier"]
[Date "2011.01.06"]
[Round "4"]
[White "Bogatto, Mario"]
[Black "Gaglianese, Marco"]
[Result "0-1"]
[WhiteElo "1458"]
[BlackElo "1697"]
[PlyCount "64"]
[EventDate "2011.01.03"]
[EventType "swiss"]
[EventRounds "7"]
[EventCountry "ITA"]
[SourceTitle "EXT 2012"]
[Source "ChessBase"]
[SourceDate "2011.11.24"]
[SourceVersion "1"]
[SourceVersionDate "2011.11.24"]
[SourceQuality "1"]

1. e4 Nf6 2. d3 Nc6 3. Nf3 d5 4. e5 Nd7 5. d4 Nb6 6. c3 Bg4 7. h3 Bh5 8. Be2 e6 9. 0-0 Na5 10. b3 c5 11. Be3 cxd4 12. cxd4 Be7 13. Bb5+ Nc6 14. Nbd2 0-0 15. Rc1 Rc8 16. Bxc6 Rxc6 17. Rxc6 bxc6 18. Qc1 Qc7 19. Qc3 Rc8 20. Rc1 Nd7 21. Bg5 Ba3 22. Re1 c5 23. Be3 Bxf3 24. Nxf3 Bb4 25. Qc1 Bxe1 26. Qxe1 cxd4 27. Bxd4 a6 28. h4 Qc1 29. Kh2 Qf4+ 30. g3 Qxf3 31. Be3 Qe4 32. f3 Rc2+ 0-1